Miasta Europy - Trudne - Statystyki

Ogólne statystyki
  • Ten quiz został rozwiązany 15 razy
  • Średni wynik to 11 z 20
Statystyki odpowiedzi
Hint Odpowiedź % Poprawnych
Jena Niemcy
73%
Nitra Słowacja
73%
Karlovac Chorwacja
67%
Kotka Finlandia
67%
Szawle Litwa
60%
Bielce Mołdawia
60%
Arad Rumunia
60%
Falun Szwecja
60%
Wlora Albania
53%
Orsza Białoruś
53%
Bihać Bośnia i Hercegowina
53%
Bitola Macedonia Północna
53%
Chur Szwajcaria
53%
Dobricz Bułgaria
47%
Randers Dania
47%
Kostroma Rosja
47%
Colmar Francja
40%
Kawala Grecja
40%
Rzeżyca Łotwa
40%
Soria Hiszpania
33%
Nie znaleziono quizów pasujących do podanych kryteriów
Rozkład punktacji
Procent ludzi z każdym wynikiem
Percentyl według liczby udzielonych odpowiedzi
Twoja historia wyników
Nie rozwiązałeś tego quizu